STN ISO 3534-1 (01 0216) štatistika
Salvato in:
| Autore principale: | |
|---|---|
| Altri autori: | , |
| Natura: | Libro |
| Lingua: | slovacco |
| Pubblicazione: |
Bratislava
Slovenský ústav technickej normalizácie
2008
|
| Soggetti: | |
| Tags: |
Nessun Tag, puoi essere il primo ad aggiungerne!!
|
MARC
| LEADER | 00000nam$a2200000$$$4500 | ||
|---|---|---|---|
| 001 | 0091881 | ||
| 005 | 20240502072027.3 | ||
| 041 | 0 | |a slo | |
| 044 | |a SK | ||
| 245 | 1 | 0 | |a STN ISO 3534-1 (01 0216) |b štatistika |c Ivan Janiga, Adriana Horníková, Milan Terek |
| 264 | 1 | |a Bratislava |b Slovenský ústav technickej normalizácie |c 2008 | |
| 300 | |a 90 s. | ||
| 500 | |a Táto norma obsahuje slovenskú verziu ISO 3534-1: 2006 a nahrádza STN ISO 3534-1 z júla 1999 v celom rozsahu | ||
| 610 | 2 | 0 | |a normy národné |
| 610 | 2 | 0 | |a normalizácia |
| 610 | 2 | 0 | |a štatistika |
| 610 | 2 | 0 | |a teória pravdepodobnosti |
| 610 | 2 | 0 | |a terminológia |
| 610 | 2 | 0 | |a Slovensko |
| 610 | 2 | 0 | |a ISO 3534-1 |
| 100 | 1 | |a Janiga, Ivan | |
| 700 | 1 | |a Horníková, Adriana | |
| 700 | 1 | |a Terek, Milan | |